00685nam a2200217 450000100060000000300080000600500170001400800410003103500190007203500120009104000260010304100080012908200220013710000380015924501280019725000120032526000330033730000350037050400380040565000240044372833BD-RjUL20211209082320.0170524s1952 nyua 001 0 eng d a(BD-RjUL)73051 a2202516 a0002bengc0002dXNTU aeng04a547223bCOC 19521 aConant, James Bryant,d1893-1978.14aThe chemistry of organic compounds :ba year's course in organic chemistry /cJames Bryant Conant and Albert Harold Blatt. a4th ed. aNew York :bMacmillan,c1952 aviii, 655 p. :bill. ;c25 cm. aIncludes Bibliography and Indexes 0aChemistry, Organic.